| 000 | 00575aas a2200181 4500 | ||
|---|---|---|---|
| 999 |
_c50138 _d50138 |
||
| 001 | 768714001 | ||
| 003 | CO-MdFUSB | ||
| 005 | 20170913121615.0 | ||
| 008 | 170913s2000 ag ||||| |||| 00| 0 spa d | ||
| 022 | _a0326-6737 | ||
| 040 |
_aCO-MdFUSB _bspa _cCO-MdFUSB _dCO-MdFUSB |
||
| 041 | _aspa | ||
| 100 | 1 |
_aMonti, Emilio N. _eautor |
|
| 245 | 1 | 0 |
_aTeología y espíritu científico _c/ Monti, Emilio N. |
| 300 |
_aVolumen 19 (2000), páginas 187-200 _c: 23 cm. |
||
| 773 | 0 |
_tCuadernos de Teología _049404 _959702 _gVolumen 19 (2000), páginas 187-200 _qPágina 178 |
|
| 942 | _cANA | ||